| 000 | 01421cam a2200349 a 4500 | ||
|---|---|---|---|
| 001 | EDZ0000019146 | ||
| 003 | StDuBDS | ||
| 005 | 20161031105217.0 | ||
| 006 | m||||||||d|||||||| | ||
| 007 | cr ||||||||||| | ||
| 008 | 110106s2007 enka fo| 001|0|eng|d | ||
| 020 |
_a9781848607989 (ebook) : _cNo price |
||
| 040 |
_aStDuBDS _beng _cStDuBDS _epn |
||
| 049 | _aAlfaisal Main Library | ||
| 050 | 0 |
_aLC3965 _b.S235 2007 |
|
| 082 | 0 | 4 |
_a371.9 _223 |
| 245 | 0 | 4 |
_aThe SAGE handbook of special education _h[electronic resource] / _cedited by Lani Florian. |
| 246 | 3 | 0 | _aSpecial education |
| 260 |
_aLondon : _bSAGE, _c2007. |
||
| 300 |
_a1 online resource (xxiv, 580 p.) : _bill. |
||
| 520 | 8 | _aThis comprehensive, research-based work, brings together scholarship on an international level, and covers topics that transcend national boundaries. It will become essential reading for all professionals ad academics with any interest in this important and dynamic field. | |
| 521 | _aSpecialized. | ||
| 588 | _aDescription based on print version record. | ||
| 504 | _aIncludes bibliographical references and index. | ||
| 650 | 0 | _aSpecial education. | |
| 655 | 7 |
_aElectronic books. _2local |
|
| 700 | 1 | _aFlorian, Lani. | |
| 710 | 2 | _aSage eBooks | |
| 776 | 0 | 8 |
_iPrint version : _z9781412907286 |
| 856 | 4 | 0 | _uhttp://ezproxy.alfaisal.edu/login?url=http://sk.sagepub.com/reference/hdbk_specialedu |
| 942 |
_2lcc _cEBOOKS |
||
| 999 |
_c481769 _d481769 |
||